000 00734cam a2200205 a 4500
005 20250329173333.0
008 170607s2016 ck a gr 000 jdspa
020 _a978-958-30-5357-3
040 _aCO-CtgCURN
_bspa
_ccoctgcurn
082 0 4 _a888.6
_bE59
100 1 _aEsopo,
_d620-550 a.de C.
245 1 0 _aFábulas de Esopo /
_cEsopo; ilustraciones Miguel Ángel Carhuatocto.
260 _aBogotá :
_bPanamericana,
_c2016.
300 _a40 páginas. :
_bilustraciones a color ;
_c23 cm.
650 1 4 _aFábulas griegas.
650 2 4 _aAnimales
_vcuentos y leyendas.
700 1 _aCarhuatocto, Miguel Ángel,
_eilustrador.
942 _2ddc
_aMSCTG
_h888.6
_iEs59
999 _c7740
_d7740